00662 2200217 4500001002100000005001500021035002000036007000300056008004100059020001800100082001200118084001800130100002300148245003900171260004400210300001200254500014000266650001300406856001700419990000800436INLIS00000000000011620220128091221 a0010-0122000116ta220128 g 0 ind  a9789792756500 a006.752 a006.752 JUB m0 aJubilee Enterprise1 amengubah Blog Menjadi Ladang Iklan aJakarta :bElex Media Komputindo,c2009 a168 hlm aBerbeda dengan adsenses yang penghasilannya tak bisa diatur, iklan elektronik yang muncul di blog bisa anda sesuaikan sendiri tarifnya. 4aWeb Blog aKoleksi Umum a162